| 000 | 00520nam a2200157Ia 4500 | ||
|---|---|---|---|
| 003 | GCL | ||
| 005 | 20240530105328.0 | ||
| 008 | 140319s9999 xx 000 0 ara d | ||
| 040 |
_aGCL / _cGCL |
||
| 082 | 0 | 4 |
_a342 _bس ج |
| 100 | 0 | _aسليمان محمد الطماوى | |
| 245 | 1 | 2 |
_aالجريمة التاديبية : _bدراسة مقارنة / _cسليمان محمد الطماوى |
| 260 |
_a[S.N] : _bمعهد البحوث والدراسات العربية ، _c1975 |
||
| 300 | _a272 ص | ||
| 942 |
_2ddc _cBK |
||
| 999 |
_c54974 _d54974 |
||